000 00532nam a2200145Ia 4500
999 _c27109
_d27109
041 _aEnglish
082 _aRR.0299
100 _aR., Prakash Oillai
_uLoyola college of Social Sciences
245 0 _aSocial orientation of higher education institutions in India (with special reference to Kerala state) /
_cPrakash Oillai R.
260 _aNew Delhi :
_bIndian Council of Social Science Research,
_c2014
300 _av.p.
650 _aHigher education institutions
_zIndia
_zKerala
650 _aEducational change
942 _2ddc
_cBK